000 00340nam a2200133 4500
005 20260530115258.0
100 1 _aHenry Petroski
_930788
245 1 0 _aThe Evolution of USEFUL THINGS
264 1 _bVintage Books
_c1982
300 _a234 páginas
336 _atexto
_2rdacontent
337 _asin medio
_2rdamedia
338 _avolumen
_2rdacarrier
999 _c12712
_d12712